Understanding research in counselling (Record no. 32956)

MARC details
000 -LEADER
fixed length control field 00934nam a2200229 a 4500
008 - FIXED-LENGTH DATA ELEMENTS--GENERAL INFORMATION
fixed length control field 170526s2013 ||||||||||||||||| || u
020 ## - INTERNATIONAL STANDARD BOOK NUMBER
International Standard Book Number 9781446260111
020 ## - INTERNATIONAL STANDARD BOOK NUMBER
International Standard Book Number 1446260119
020 ## - INTERNATIONAL STANDARD BOOK NUMBER
International Standard Book Number 1446260100
020 ## - INTERNATIONAL STANDARD BOOK NUMBER
International Standard Book Number 9781446260104
050 ## - LIBRARY OF CONGRESS CALL NUMBER
Classification number BF 636.6 Und
100 ## - MAIN ENTRY--PERSONAL NAME
Personal name Bright, Graham
245 10 - TITLE STATEMENT
Title Understanding research in counselling
Statement of responsibility, etc. Edited by Graham Bright and Gill Harrison.
Medium [unmediated]
260 ## - PUBLICATION, DISTRIBUTION, ETC.
Place of publication, distribution, etc. London:
Name of publisher, distributor, etc. SAGE Publications
Date of publication, distribution, etc. 2013
300 ## - PHYSICAL DESCRIPTION
Extent vii, 184 pages : illustrations ; 25 cm.
350 ## -
-- 49.13
490 ## -
-- Counselling and psychotherapy series
500 ## - GENERAL NOTE
General note Series statement from p. [4] of cover. Includes bibliographical references and index.
650 ## - SUBJECT ADDED ENTRY--TOPICAL TERM
Topical term or geographic name entry element COUNSELLING--RESEARCH
700 ## - ADDED ENTRY--PERSONAL NAME
Personal name Harrison, Gill
995 ## -
-- MEDICAL LIBRARY OPEN ACCESS
-- 904058
-- CBU-SCHOOL OF MEDICINE LIBRARY (Ndola)
-- 49.13
-- BF 636.6 Und
-- 1
-- AVAILABLE
-- May 26, 2017
-- 904058
-- Medical Library Open Access Collection
999 ## -
-- 32956
-- 32956
Holdings
Withdrawn status Lost status Source of classification or shelving scheme Damaged status Not for loan Permanent Location Current Location Shelving location Date acquired Total Checkouts Full call number Barcode Date last seen Price effective from Koha item type
          CBU-SCHOOL OF MEDICINE LIBRARY, NDOLA. CBU-SCHOOL OF MEDICINE LIBRARY, NDOLA.   11/30/2022   BF 636.6 Und 904058 11/30/2022 11/30/2022 MONOGRAPH